[Event "38th Olympiad"]
[Site "Dresden GER"]
[Date "2008.11.23"]
[Round "10"]
[White "Rodgaard,J"]
[Black "Somoff,A"]
[Result "1-0"]
[WhiteElo "2383"]
[BlackElo "2282"]
[EventDate "2008.11.13"]

1. c4 Nf6 2. Nf3 g6 3. Nc3 Bg7 4. e4 d6 5. d4 O-O 6. Be2 c5 7. O-O Nc6 8.
d5 Na5 9. h3 e5 10. Ne1 Qe7 11. Be3 b6 12. Nc2 Bd7 13. Rb1 Kh8 14. b3 Ng8
15. Qd2 f5 16. exf5 gxf5 17. f4 Nb7 18. Rbe1 e4 19. Nd1 Nh6 20. Bf2 Bf6 21.
Nde3 Rg8 22. Bh5 Rg7 23. Kh2 Rag8 24. Rg1 Nd8 25. Rd1 Ndf7 26. Qe2 Bc3 27.
g3 Qf6 28. Rg2 Rf8 29. Rf1 Ng8 30. Nd1 Bd4 31. Qd2 Bxf2 32. Qxf2 Qh6 33.
Bxf7 Rfxf7 34. Qd2 Rf6 35. Nf2 Rfg6 36. Ne3 Nf6 37. Qc3 Kg8 38. Rfg1 Nh5
39. Nf1 Nf6 40. Ne3 Kf8 41. Qd2 Nh5 42. Nf1 Rg8 43. Kh1 Nf6 44. Nh2 R8g7
45. Qe3 Nh5 46. Nf1 Re7 47. Rh2 Qg7 48. g4 Nf6 49. g5 h6 50. h4 Nh5 51. Nh3
Qd4 52. Rd2 Qxe3 53. Nxe3 Rh7 54. Rh2 hxg5 55. hxg5 Rg8 56. Kg2 Nf6 57. Nf2
Rxh2+ 58. Kxh2 Nh5 59. Nh3 Rh8 60. Kg2 Kf7 61. Rf1 Ng7 62. Nf2 Kg6 63. Nh1
b5 64. Ng3 b4 65. a3 bxa3 66. Ra1 Rb8 67. Rxa3 Bc8 68. Rxa7 Rxb3 69. Kf2
Rb2+ 70. Ke1 Rb1+ 71. Ke2 Rb2+ 72. Ke1 Rb1+ 73. Kd2 Rg1 74. Rxg7+ Kxg7 75.
Ngxf5+ Kf8 76. Nxd6 Ba6 77. Nxe4 Bc8 78. Nxc5 Rh1 79. d6 Rh4 80. Nd5 Ke8
81. Ke3 Bf5 82. Kd4 Rh1 83. Ke5 Bc8 84. d7+ Bxd7 85. Nf6+ Ke7 86. Ncxd7
Re1+ 87. Kf5 Rc1 88. c5 Rd1 89. g6 Rg1 90. Ne5 Kf8 91. c6 Rc1 92. Ke6 Rc2
93. f5 Kg7 94. Nd5 Kf8 95. f6 Rg2 96. Nd7+ 1-0

[Event "38th Olympiad"]
[Site "Dresden GER"]
[Date "2008.11.23"]
[Round "10"]
[White "Sakr,N"]
[Black "Poulsen,Ma"]
[Result "1/2-1/2"]
[WhiteElo "2121"]
[BlackElo "2281"]
[EventDate "2008.11.13"]

1. Nf3 c5 2. d3 Nc6 3. g3 g6 4. Bg2 Bg7 5. e4 e6 6. O-O Nge7 7. c3 d5 8.
Qe2 O-O 9. Nbd2 b5 10. Nb3 c4 11. Nc5 cxd3 12. Qxd3 b4 13. Bd2 bxc3 14.
Bxc3 d4 15. Bd2 Rb8 16. Rab1 Qb6 17. b4 a5 18. a3 axb4 19. axb4 Rd8 20.
Rfc1 Bd7 21. Bf1 Be8 22. Na4 Qa7 23. Nc5 Qb6 24. Na4 Qa7 25. Nc5 Qb6 26.
Na4 1/2-1/2

[Event "38th Olympiad"]
[Site "Dresden GER"]
[Date "2008.11.23"]
[Round "10"]
[White "Matamoros Franco,C"]
[Black "Mas,H"]
[Result "1/2-1/2"]
[WhiteElo "2525"]
[BlackElo "2439"]
[EventDate "2008.11.13"]

1. Nf3 Nf6 2. c4 e6 3. g3 d5 4. Bg2 Be7 5. O-O O-O 6. b3 a5 7. Nc3 d4 8.
Nb5 Nc6 9. e3 e5 10. d3 Bg4 11. h3 Bxf3 12. Qxf3 a4 13. bxa4 Rxa4 14. exd4
exd4 15. Bf4 Ne8 16. a3 Ra6 17. Rae1 Bd6 18. Re2 Ra5 19. Rb1 h6 20. Kh2 Qd7
21. Qg4 Qxg4 22. hxg4 Bxf4 23. gxf4 Ra8 24. Bxc6 bxc6 25. Nxd4 Rxa3 26.
Nxc6 Nf6 27. Ne5 Re8 28. Rbe1 Rd8 29. Re3 Rd4 30. Kg3 g6 31. f3 Nd7 32.
Nxd7 Rxd7 33. Rd1 Kf8 34. Rd2 Rc3 35. Re5 Rxc4 36. dxc4 Rxd2 37. Rc5 Rd7
38. Rc6 Ke7 39. f5 gxf5 40. gxf5 h5 41. Kh4 Rd4+ 42. Kxh5 Kd7 43. Rf6 Ke7
44. Rc6 1/2-1/2

[Event "38th Olympiad"]
[Site "Dresden GER"]
[Date "2008.11.23"]
[Round "10"]
[White "Aucay Pelaez,M"]
[Black "Mok Tze Meng"]
[Result "1/2-1/2"]
[WhiteElo "2335"]
[BlackElo "2308"]
[EventDate "2008.11.13"]

1. e4 c5 2. Nf3 Nc6 3. d4 cxd4 4. Nxd4 e5 5. Nb5 a6 6. Nd6+ Bxd6 7. Qxd6
Qf6 8. Qxf6 Nxf6 9. Nc3 Nb4 10. Kd2 d6 11. a3 Nc6 12. Bd3 Be6 13. f3 O-O-O
14. Re1 d5 15. exd5 Nxd5 16. Nxd5 Rxd5 17. Ke3 g5 18. Kf2 f6 19. Be3 Rd7
20. Rad1 Kc7 21. Be2 Rhd8 22. Rxd7+ Rxd7 23. Bd3 Nd4 24. g3 h6 25. f4 Nc6
26. h4 exf4 27. Bxf4+ gxf4 28. Rxe6 fxg3+ 29. Kxg3 Ne5 30. Rxf6 Nxd3 31.
cxd3 Rxd3+ 32. Kg4 Rb3 33. Rxh6 Rxb2 34. Rf6 Rg2+ 35. Kh3 Re2 36. Rf3 b5
37. h5 a5 38. Kg4 Rg2+ 39. Kh3 Rg1 40. Kh4 Rh1+ 41. Kg5 Rg1+ 42. Kf6 Rh1
43. Kg6 Rg1+ 44. Kh7 Kc6 45. h6 b4 46. axb4 axb4 1/2-1/2

[Event "38th Olympiad"]
[Site "Dresden GER"]
[Date "2008.11.23"]
[Round "10"]
[White "Liew Chee Meng Jimmy"]
[Black "Macias Murillo,B"]
[Result "0-1"]
[WhiteElo "2306"]
[BlackElo "2333"]
[EventDate "2008.11.13"]

1. d4 Nf6 2. Nf3 e6 3. c4 b6 4. Nc3 Bb7 5. Bg5 Be7 6. Qc2 c5 7. e4 cxd4 8.
Nxd4 d6 9. Be2 a6 10. O-O Nbd7 11. Rfd1 O-O 12. f3 Qc7 13. Rac1 Rfe8 14.
Kh1 Rac8 15. Bf1 Qb8 16. Qf2 Ng4 17. Qh4 Bxg5 18. Qxg5 Nf2+ 19. Kg1 Nxd1
20. Rxd1 Qc7 21. Kh1 Ne5 22. f4 Nd7 23. f5 Qd8 24. Qg3 Ne5 25. Be2 Kh8 26.
Rf1 Qe7 27. h4 Nxc4 28. Bg4 Qf6 29. Nf3 Ne3 30. Rf2 Nxg4 31. Qxg4 exf5 32.
exf5 b5 33. Ng5 Re1+ 34. Kh2 h6 35. Nh3 d5 36. Nf4 d4 37. Ncd5 Bxd5 38.
Nxd5 Qd6+ 39. Nf4 Rcc1 40. Rd2 Qe5 41. Rf2 d3 42. g3 Rh1+ 43. Kg2 Qe4+ 0-1

[Event "38th Olympiad"]
[Site "Dresden GER"]
[Date "2008.11.23"]
[Round "10"]
[White "Boshku,H"]
[Black "Mateo,Ra"]
[Result "1/2-1/2"]
[WhiteElo "2308"]
[BlackElo "2488"]
[EventDate "2008.11.13"]

1. Nf3 c5 2. c4 Nc6 3. Nc3 g6 4. g3 Bg7 5. Bg2 Nh6 6. O-O Nf5 7. d3 O-O 8.
Bd2 e6 9. a3 d5 10. cxd5 exd5 11. Ng5 h6 12. Nh3 g5 13. Nxd5 Bxb2 14. Rb1
Bg7 15. Qc1 Nfd4 16. Nc3 Bg4 17. f3 Be6 18. Qd1 c4 19. Nf2 Qe7 20. f4 Nb3
21. dxc4 Nxd2 22. Qxd2 Bxc4 23. Nd5 Qxe2 24. Qxe2 Bxe2 25. Rfe1 Nd4 26.
fxg5 hxg5 27. Ne7+ Kh8 28. Nf5 Nf3+ 29. Bxf3 Bxf3 30. Ne4 Rad8 31. Nxg5 Rd5
32. Nxf3 Rxf5 33. Nh4 Bd4+ 34. Kg2 Rf2+ 35. Kh3 b6 36. Re4 Bc5 37. Rb3 Rd8
38. Nf3 Rd6 39. g4 Ra2 40. g5 Kg7 41. a4 Rd1 42. Kg4 Rg2+ 43. Kh3 Ra2 44.
Kg4 Bd6 45. h4 Rg2+ 46. Kh5 Bc5 47. Rg4 Re2 48. Rc4 Rg2 49. Rg4 Rxg4 50.
Kxg4 Ra1 51. Rd3 Rxa4+ 52. Kf5 Ra3 53. Rxa3 Bxa3 54. h5 Bb2 55. Ke4 b5 56.
Kd5 a5 57. Kc5 a4 58. Kb4 Bc1 59. Nd4 Bxg5 60. Nxb5 f5 61. Nd4 1/2-1/2

[Event "38th Olympiad"]
[Site "Dresden GER"]
[Date "2008.11.23"]
[Round "10"]
[White "Dominguez,JM"]
[Black "Mehmeti,D"]
[Result "0-1"]
[WhiteElo "2345"]
[BlackElo "2403"]
[EventDate "2008.11.13"]

1. Nf3 Nf6 2. b4 e6 3. a3 d5 4. e3 a5 5. b5 c5 6. Bb2 Nbd7 7. d3 b6 8. c4
Bb7 9. Nbd2 Bd6 10. Qc2 Qc7 11. Be2 O-O 12. Rg1 Rad8 13. g4 Ne5 14. Nh4 Ng6
15. g5 Nxh4 16. gxf6 g6 17. cxd5 exd5 18. Rg4 Nf5 19. Nf3 Rfe8 20. Qd2 Qd7
21. Rg5 d4 22. e4 c4 23. Rxf5 c3 24. Qh6 Bf8 25. Qh4 cxb2 26. Rb1 gxf5 27.
Kd2 Kh8 28. Ng5 h6 29. Bh5 hxg5 30. Qxg5 Kh7 31. Ke2 Bh6 32. Qh4 Bxe4 0-1

[Event "38th Olympiad"]
[Site "Dresden GER"]
[Date "2008.11.23"]
[Round "10"]
[White "Rama,L"]
[Black "Hernandez,Gu DOM"]
[Result "1/2-1/2"]
[WhiteElo "2297"]
[BlackElo "2360"]
[EventDate "2008.11.13"]

1. c4 Nf6 2. Nf3 e6 3. g3 d5 4. d4 c5 5. Bg2 Nc6 6. O-O Be7 7. dxc5 Bxc5 8.
a3 dxc4 9. Qa4 O-O 10. Qxc4 Bb6 11. Nc3 Qe7 12. Bg5 h6 13. Bh4 Qc5 14. Qxc5
Bxc5 15. Bxf6 gxf6 16. Rfd1 Rd8 17. Rxd8+ Nxd8 18. Rd1 Be7 19. Nd4 Kf8 20.
Ndb5 a6 21. Nd6 Rb8 22. Na4 b5 23. Nc5 Bxd6 24. Rxd6 Ke7 25. Rd4 e5 26. Rh4
Ne6 27. Nd3 Nd4 28. Nb4 Kf8 29. Nc6 Nxc6 30. Bxc6 Kg7 31. Rb4 1/2-1/2

[Event "38th Olympiad"]
[Site "Dresden GER"]
[Date "2008.11.23"]
[Round "10"]
[White "Balram,N"]
[Black "Hussein,NA"]
[Result "0-1"]
[WhiteElo "1909"]
[BlackElo "2338"]
[EventDate "2008.11.13"]

1. e4 e6 2. d4 d5 3. Nd2 Nf6 4. e5 Nfd7 5. Bd3 c5 6. c3 Nc6 7. Ne2 Qb6 8.
Nf3 cxd4 9. cxd4 f6 10. exf6 Nxf6 11. O-O Bd6 12. b3 O-O 13. Bb2 Bd7 14.
Rc1 Be8 15. Ng3 Bf4 16. Ra1 Rc8 17. Re1 Bf7 18. Ne2 Bb8 19. Ng3 h6 20. Bb1
Rfe8 21. Ne5 Nxe5 22. dxe5 Nd7 23. Qd3 Nf8 24. Qf3 Qb4 25. Rf1 Ng6 26. Qd3
Nf8 27. a3 Qe7 28. Qe2 Bg6 29. Qg4 Bxb1 30. Raxb1 Kh7 31. f4 Ng6 32. Rbe1
Qh4 33. Qf3 Rc2 34. Ba1 Qd8 35. Qd3 Ra2 36. f5 exf5 37. Rxf5 Re6 38. Rf7
Qg5 39. Qxd5 Rc6 40. Nf5 Rc7 41. e6 Nf4 42. Qf3 Rxf7 43. exf7 Rxg2+ 44. Kh1
Qxf5 45. Qe4 Rxh2+ 46. Kxh2 Ne2+ 47. Be5 Bxe5+ 48. Qxe5 Qxe5+ 49. Kg2 Qg3+
0-1

[Event "38th Olympiad"]
[Site "Dresden GER"]
[Date "2008.11.23"]
[Round "10"]
[White "Mohsen,A"]
[Black "Sujendra,P"]
[Result "1-0"]
[WhiteElo "2221"]
[BlackElo "2068"]
[EventDate "2008.11.13"]

1. e4 c5 2. Nf3 d6 3. d4 cxd4 4. Nxd4 Nf6 5. Nc3 a6 6. Bc4 e6 7. Bb3 b5 8.
O-O Be7 9. Qf3 Bb7 10. Bxe6 Nbd7 11. Bxd7+ Qxd7 12. Nf5 O-O 13. Bh6 Ne8 14.
Bxg7 Nxg7 15. Qg4 Qxf5 16. exf5 Bf6 17. Ne4 Bxe4 18. Qxe4 Rfe8 19. Qd5 Bxb2
20. Rae1 Rf8 21. Re3 Kh8 22. c3 Rac8 23. Qd4 Ba3 24. Qf6 d5 25. Rg3 Rg8 26.
Rh3 Rgd8 27. Qh6 Kg8 28. Qxh7+ Kf8 29. f6 Ke8 30. fxg7 Kd7 31. Qf5+ Kc7 32.
Qxc8+ Rxc8 33. Rh8 1-0

[Event "38th Olympiad"]
[Site "Dresden GER"]
[Date "2008.11.23"]
[Round "10"]
[White "Manish,H"]
[Black "Ahmed,Abdu"]
[Result "1/2-1/2"]
[WhiteElo "2028"]
[BlackElo "2246"]
[EventDate "2008.11.13"]

1. e4 e6 2. d4 d5 3. Nc3 dxe4 4. Nxe4 Nd7 5. Nf3 Be7 6. Bd3 Ngf6 7. Nxf6+
Bxf6 8. c3 O-O 9. Qc2 h6 10. Be3 e5 11. O-O exd4 12. Nxd4 Ne5 13. Be2 c6
14. Rad1 Qc7 15. h3 Re8 16. Rfe1 a6 17. Rd2 c5 18. Nf3 Be6 19. Nxe5 Bxe5
20. Red1 Rab8 21. Bf3 Bh2+ 22. Kh1 Bf4 23. Bxf4 Qxf4 24. Bd5 Bf5 25. Qb3
Re7 26. Bxf7+ Rxf7 27. Rd8+ Rxd8 28. Rxd8+ Kh7 29. Qxf7 Qc1+ 30. Kh2 Qf4+
31. Kg1 Qc1+ 32. Kh2 Qf4+ 33. Kg1 Qc1+ 1/2-1/2

[Event "38th Olympiad"]
[Site "Dresden GER"]
[Date "2008.11.23"]
[Round "10"]
[White "Andolo,H"]
[Black "Laurent,B"]
[Result "0-1"]
[WhiteElo "2139"]
[BlackElo "2370"]
[EventDate "2008.11.13"]

1. d4 Nf6 2. c4 g6 3. Nc3 Bg7 4. g3 O-O 5. Bg2 d6 6. Nf3 Nbd7 7. O-O e5 8.
e3 Re8 9. Re1 c6 10. d5 Nb6 11. Nd2 Bg4 12. f3 Bd7 13. Rb1 cxd5 14. cxd5
Nfxd5 15. Nxd5 Nxd5 16. Nc4 Bc6 17. e4 Nb6 18. Nxd6 Re6 19. Nxf7 Qxd1 20.
Rxd1 Kxf7 21. b3 Ree8 22. a4 Red8 23. Re1 Bf8 24. a5 Bb4 25. Rf1 Nd7 26.
Bg5 Be7 27. Be3 Bc5 28. Bxc5 Nxc5 29. b4 Ne6 30. b5 Bd7 31. f4 Nd4 32. b6
axb6 33. fxe5+ Ke7 34. Rf6 Rxa5 35. Rbf1 Be6 0-1

[Event "38th Olympiad"]
[Site "Dresden GER"]
[Date "2008.11.23"]
[Round "10"]
[White "Phillips,R"]
[Black "Juarez Flores,C"]
[Result "0-1"]
[WhiteElo "2250"]
[BlackElo "2358"]
[EventDate "2008.11.13"]

1. e4 e6 2. d3 d5 3. Nd2 Nf6 4. Ngf3 Nc6 5. c3 dxe4 6. dxe4 Bc5 7. Be2 O-O
8. O-O a5 9. Qc2 e5 10. Rb1 Qe7 11. a3 Bg4 12. h3 Bh5 13. b4 axb4 14. axb4
Ba7 15. Bd3 Rfd8 16. Nh4 Qd7 17. Bb5 Nd4 18. Bxd7 Nxc2 19. Bb5 Na3 20. Bxa3
Rxd2 21. Bc1 Rxf2 22. Rxf2 Bxf2+ 23. Kxf2 Nxe4+ 24. Ke3 Nxc3 25. Rb3 Nxb5
26. g4 Bg6 27. Nxg6 hxg6 28. Bb2 Rd8 29. g5 f6 30. h4 Kf7 31. Ba1 Rd1 32.
Bb2 Rb1 33. Ke4 Ke6 0-1

[Event "38th Olympiad"]
[Site "Dresden GER"]
[Date "2008.11.23"]
[Round "10"]
[White "Seegolam,P"]
[Black "Galvez Dastin,E"]
[Result "0-1"]
[WhiteElo "2066"]
[BlackElo "2178"]
[EventDate "2008.11.13"]

1. e4 c6 2. d4 d5 3. Nc3 dxe4 4. Nxe4 Bf5 5. Ng3 Bg6 6. Nf3 Nf6 7. h4 Nh5
8. Nxh5 Bxh5 9. Be2 e6 10. c3 Nd7 11. Ng5 Bxe2 12. Qxe2 h6 13. Nf3 Bd6 14.
g3 Nf6 15. O-O O-O 16. Nd2 Re8 17. Qf3 e5 18. dxe5 Bxe5 19. Nc4 Qd5 20.
Qxd5 Nxd5 21. Nxe5 Rxe5 22. c4 Nb4 23. Bd2 Nd3 24. Be3 Nxb2 25. Rab1 Nxc4
26. Rxb7 a5 27. Bf4 Rb5 28. Rc7 Ra6 29. Re1 g5 30. hxg5 hxg5 31. Re8+ Kg7
32. Ree7 gxf4 33. Rxf7+ Kg6 34. Rg7+ Kf6 35. Rgf7+ Ke6 36. Rce7+ Kd6 37.
Rd7+ Kc5 38. Rf5+ Kb4 39. Rxf4 Rd5 40. Rh7 Kc5 41. Rhh4 Nd6 42. Kg2 Rb6 43.
Ra4 Rb5 44. Rhf4 Kb6 45. Rf8 Rd3 46. Rb8+ Kc5 47. Rd8 Rd5 48. Rf4 Rb4 49.
Rff8 Ra4 50. f4 Rxa2+ 51. Kh3 Ra3 52. Rg8 Rad3 53. Ra8 Kb4 54. Ra6 c5 55.
Rb8+ Nb5 56. Kh4 c4 57. g4 R3d4 58. Rf6 c3 0-1

[Event "38th Olympiad"]
[Site "Dresden GER"]
[Date "2008.11.23"]
[Round "10"]
[White "Corke,A"]
[Black "Ermenkov,Evgenij"]
[Result "1/2-1/2"]
[WhiteElo "2301"]
[BlackElo "2465"]
[EventDate "2008.11.13"]

1. d4 d6 2. Nf3 Nf6 3. c4 g6 4. Nc3 Bg7 5. e4 O-O 6. h3 c5 7. d5 b5 8. cxb5
a6 9. bxa6 Nbd7 10. Bd3 Qb6 11. O-O Bxa6 12. Re1 Bxd3 13. Qxd3 Qa6 14. Qc2
Rfb8 15. Bd2 Ne8 16. Nd1 Qa4 17. Qxa4 Rxa4 18. Bc3 Nc7 19. Bxg7 Kxg7 20.
Nc3 Ra7 21. b3 f6 22. Nd2 Nb5 23. Nxb5 Rxb5 24. Nc4 Nb6 25. Ne3 Kf7 26. Kf1
Rb4 27. Nc2 Rb5 28. Ne3 Rb4 29. Nc2 Rb5 30. Ne3 Rb4 31. Nc2 1/2-1/2

[Event "38th Olympiad"]
[Site "Dresden GER"]
[Date "2008.11.23"]
[Round "10"]
[White "Michel Yunis,C"]
[Black "Yu,Ma"]
[Result "0-1"]
[WhiteElo "2368"]
[BlackElo "2006"]
[EventDate "2008.11.13"]

1. d4 d5 2. c4 c6 3. Bf4 Nf6 4. e3 a6 5. h3 Bf5 6. Nd2 e6 7. Ngf3 Nbd7 8.
Be2 Be7 9. O-O O-O 10. Nh4 Bg6 11. Nxg6 hxg6 12. Rc1 c5 13. dxc5 Nxc5 14.
b4 Ncd7 15. Qb3 Rc8 16. Rfd1 Qb6 17. c5 Qa7 18. Qa4 Qa8 19. a3 Nb8 20. Nf3
Nc6 21. Nd4 Rfe8 22. Bh2 Bf8 23. Bf3 Red8 24. Be2 Be7 25. Nxc6 Rxc6 26. Be5
Rcc8 27. Bd3 Nd7 28. Bd4 Bf6 29. g3 Kh8 30. h4 Rc6 31. Bb1 Qb8 32. Qb3 Ne5
33. Kg2 Kg8 34. e4 Ng4 35. Qf3 Bxd4 36. Rxd4 Nf6 37. Rcd1 Rdc8 38. exd5
exd5 39. g4 Re8 40. g5 Nh5 41. Ba2 Re5 42. Bxd5 Rxd5 43. Rxd5 Nf4+ 44. Kf1
Nxd5 45. Rxd5 Qe8 46. Qd3 Rc8 47. Rd6 Qe5 48. Qf3 Rc7 49. Kg2 Re7 50. Rb6
Qd4 51. Rd6 Qc4 52. h5 Re5 53. Rd8+ Kh7 54. hxg6+ Kxg6 55. Rd6+ Kxg5 56.
Qg3+ Kf5 57. Qf3+ Kg5 58. Qg3+ Kf5 59. Rd3 g5 60. Qf3+ Kg6 61. Rd6+ Re6 62.
Rd7 Rf6 63. Qd3+ Qxd3 64. Rxd3 b6 65. Rd5 bxc5 66. Rxc5 Rb6 67. Kf3 f5 68.
Ke3 Rd6 69. a4 Rb6 70. b5 axb5 71. axb5 Rb8 72. Kd4 g4 73. Ke5 Kg5 74. Kd6
Kf4 75. Kc7 Rh8 76. b6 Rh7+ 77. Kc6 Rh6+ 78. Kb5 Rh8 79. b7 Rb8 80. Kb6 Ke4
81. Rc3 Kd4 82. Rg3 Rh8 83. Ka7 Rh7 84. Ka8 0-1

[Event "38th Olympiad"]
[Site "Dresden GER"]
[Date "2008.11.23"]
[Round "10"]
[White "Lam Mingo Kwok Wai"]
[Black "Moussa,A"]
[Result "0-1"]
[WhiteElo "1665"]
[BlackElo "2223"]
[EventDate "2008.11.13"]

1. e4 c6 2. d4 d5 3. Nc3 dxe4 4. f3 e3 5. Bxe3 Nf6 6. Bd3 e6 7. Nge2 Nbd7
8. O-O Be7 9. Ng3 O-O 10. Nce4 Nd5 11. Bd2 f5 12. Nc3 Nb4 13. f4 Nxd3 14.
cxd3 Nf6 15. Nce2 Nd5 16. Re1 Rf6 17. Nf1 Bd6 18. g3 Rg6 19. Kf2 Rh6 20.
Ng1 Bc7 21. Nf3 Bb6 22. Bc3 Bd7 23. Ng5 Qf6 24. Nf3 Be8 25. Ne5 Rd8 26. a4
a6 27. Qb3 Rb8 28. a5 Ba7 29. Nf3 Bh5 30. Re5 Bxf3 31. Kxf3 Qg6 32. Rae1
Qh5+ 33. Kf2 Qf7 34. Kf3 Re8 35. Qd1 Bb8 36. Kf2 Nf6 37. Kg2 Ng4 38. h3
Rxh3 39. Qb3 Rh6 40. R5e2 Qh5 41. Rxe6 Qh1+ 0-1

[Event "38th Olympiad"]
[Site "Dresden GER"]
[Date "2008.11.23"]
[Round "10"]
[White "Ihsan,J"]
[Black "Corke,A"]
[Result "1-0"]
[WhiteElo "2166"]
[BlackElo "2301"]
[EventDate "2008.11.13"]

1. d4 Nf6 2. c4 e6 3. Nf3 d5 4. g3 Be7 5. Bg2 O-O 6. O-O c6 7. b3 Nbd7 8.
Bb2 Ne4 9. Nfd2 f5 10. e3 Ndf6 11. f3 Nxd2 12. Nxd2 a5 13. Qc2 Bd7 14. e4
fxe4 15. fxe4 dxe4 16. Nxe4 Qc7 17. Qe2 Nxe4 18. Bxe4 Bf6 19. Rad1 c5 20.
Qd3 Bxd4+ 21. Bxd4 cxd4 22. Bxh7+ Kh8 23. Be4 Bc6 24. Qxd4 Bxe4 25. Qxe4
Qc5+ 26. Kg2 Rad8 27. Rxd8 Rxd8 28. Qh4+ 1-0

[Event "38th Olympiad"]
[Site "Dresden GER"]
[Date "2008.11.23"]
[Round "10"]
[White "Sorensen,To"]
[Black "Russell,MKA"]
[Result "1-0"]
[WhiteElo "2383"]
[BlackElo "2230"]
[EventDate "2008.11.13"]

1. Nf3 d5 2. d4 Nf6 3. c4 c6 4. cxd5 cxd5 5. Nc3 Nc6 6. Bf4 a6 7. e3 e6 8.
Bd3 Bd6 9. Bxd6 Qxd6 10. O-O O-O 11. Rc1 e5 12. dxe5 Nxe5 13. Be2 Rd8 14.
h3 Bf5 15. Nd4 Bd7 16. Qb3 b5 17. Rfd1 b4 18. Nb1 Qb6 19. Nd2 Rac8 20. N2f3
Nc4 21. a3 a5 22. axb4 a4 23. Qa2 Qxb4 24. Bxc4 Rxc4 25. Rxc4 Qxc4 26. Qxc4
dxc4 27. Ne5 Rc8 28. Rc1 Kf8 29. Rxc4 Rb8 30. Rc2 Ke8 31. Kf1 Ra8 32. Rc3
Rb8 33. Nd3 Ne4 34. Rc2 Bc8 35. Ke1 Ba6 36. Nc1 Kd7 37. f3 Nd6 38. Rc6 Bc4
39. Rc5 Rxb2 40. Ra5 Rxg2 41. Rxa4 Rb2 42. e4 f6 43. Nce2 Bxe2 44. Nxe2 Nb5
45. Ra6 Nd6 46. Kf2 h5 47. h4 Ke7 48. Ra7+ Rb7 49. Ra2 Nc4 50. Nf4 f5 51.
exf5 Kf6 52. Ra4 Ne5 53. Nxh5+ Kxf5 54. Ra5 Rb2+ 55. Kg3 g6 56. Ng7+ Kf6
57. Ne8+ Ke6 58. Nc7+ Kf5 59. Nb5 Rb1 60. Nd4+ Kf6 61. Kf4 Nf7 62. Ra6+ Kg7
63. Ne6+ Kh6 64. Nf8 Rb4+ 65. Kg3 Ne5 66. Ra7 1-0

[Event "38th Olympiad"]
[Site "Dresden GER"]
[Date "2008.11.23"]
[Round "10"]
[White "Peiris,T"]
[Black "Pace,C"]
[Result "1-0"]
[WhiteElo "2100"]
[BlackElo "2148"]
[EventDate "2008.11.13"]

1. e4 c5 2. Nf3 g6 3. d4 Bg7 4. d5 Nf6 5. Nc3 d6 6. Bb5+ Nbd7 7. a4 a6 8.
Be2 O-O 9. O-O b6 10. Nd2 Ne8 11. Nc4 Nc7 12. f4 Bb7 13. Bf3 Rb8 14. Re1 b5
15. axb5 axb5 16. Na5 b4 17. Nb1 Nb5 18. Qd3 Nd4 19. Bd1 Qb6 20. Nc4 Qc7
21. c3 Nb5 22. Na5 Qb6 23. c4 Nd4 24. Nb3 Ra8 25. Rxa8 Rxa8 26. N1d2 Qc7
27. Nxd4 Bxd4+ 28. Kh1 Bg7 29. Nf3 Ra1 30. Bc2 Qa5 31. b3 Bc3 32. Bd2 Rxe1+
33. Nxe1 Bd4 34. g4 Bc8 35. Kg2 Bg7 36. Nf3 Qa1 37. h3 h6 38. Be1 Kf8 39.
Bg3 Qb2 40. Qe2 Ba6 41. e5 Nb6 42. exd6 exd6 43. f5 Qf6 44. fxg6 fxg6 45.
Qe4 g5 46. h4 Bc8 47. hxg5 hxg5 48. Qe3 Bh6 49. Nd2 Kg8 50. Ne4 Qb2 51. Qf2
Bg7 52. Nxd6 Bf6 53. Ne4 Bd4 54. Qd2 Bxg4 55. Qxg5+ Bg7 56. Qd8+ Bf8 57.
Nf6+ Kf7 58. Qe8+ Kxf6 59. Qxf8+ Kg5 60. Bf4+ Kh4 61. Qe7+ 1-0

[Event "38th Olympiad"]
[Site "Dresden GER"]
[Date "2008.11.23"]
[Round "10"]
[White "Borg,A"]
[Black "Wijesuriya,GL"]
[Result "1/2-1/2"]
[WhiteElo "2112"]
[BlackElo "2075"]
[EventDate "2008.11.13"]

1. Nf3 d5 2. d4 Nf6 3. c4 e6 4. g3 c6 5. Qc2 Bd6 6. Bg2 O-O 7. O-O Ne4 8.
Nbd2 f5 9. b3 Nd7 10. Bb2 Ndf6 11. Rad1 Qe8 12. Ne5 Qh5 13. Ndf3 Ng4 14. h3
Nh6 15. Bc1 g5 16. h4 g4 17. Ng5 Bxe5 18. dxe5 Nf7 19. Nxf7 Rxf7 20. Bf4 h6
21. Qc1 Qg6 22. Bxh6 Nc3 23. Qxc3 Qxh6 24. e3 Bd7 25. Qb4 Be8 26. Qc3 Qg7
27. Qd4 dxc4 28. bxc4 Rd7 29. Qb2 Rad8 30. Rxd7 Qxd7 31. Rb1 b6 32. Bf1 c5
33. Bg2 Qa4 34. Qb3 Rd2 35. a3 Qa5 36. e4 Re2 37. exf5 Qd2 38. Rf1 exf5 39.
Qb1 Rxe5 40. Rd1 Qe2 41. Qc1 Kh7 42. Rf1 Bf7 43. Qg5 Qxc4 44. Rd1 Qe6 45.
Rd8 c4 46. h5 Qe7 47. Qd2 Be8 48. Rd6 c3 49. Qh6+ Kg8 50. Kh2 Bf7 51. Rc6
Rc5 52. Rxc5 bxc5 53. Qc1 Qf6 54. Qe3 Bxh5 55. Qxc5 Bf7 56. Bd5 Bxd5 57.
Qxd5+ Kg7 58. Qd7+ Kf8 59. Qc8+ Kf7 60. Qd7+ Kg6 61. Qe8+ Kh6 62. Qe3+ Kh5
63. Qxa7 c2 64. Qc7 Qb2 65. Qh7+ Kg5 66. Qg8+ Kh6 67. Qe6+ Kg7 68. Qe7+ Kg8
69. Qe8+ Kh7 70. Qf7+ Kh6 71. Qe6+ 1/2-1/2

[Event "38th Olympiad"]
[Site "Dresden GER"]
[Date "2008.11.23"]
[Round "10"]
[White "Rees,I"]
[Black "Hernandez,Ju HON"]
[Result "1-0"]
[WhiteElo "2297"]
[BlackElo "2015"]
[EventDate "2008.11.13"]

1. e4 e5 2. Nf3 Nc6 3. Bb5 a6 4. Ba4 Nf6 5. O-O b5 6. Bb3 d6 7. Re1 Be7 8.
c3 O-O 9. h3 Nb8 10. d4 Nbd7 11. Nbd2 c5 12. Nf1 Bb7 13. Bc2 Qc7 14. d5 Ne8
15. Ng3 g6 16. Bh6 Ng7 17. Qd2 Nf6 18. Nh2 Bc8 19. Rf1 Kh8 20. f4 exf4 21.
Bxf4 Ng8 22. a4 Bd7 23. Nf3 bxa4 24. Bxa4 Bxa4 25. Rxa4 f5 26. exf5 Nxf5
27. Ne4 Qb6 28. Neg5 Nf6 29. g4 Ng7 30. Re1 Ra7 31. Ra3 Qb7 32. c4 Qd7 33.
Rae3 Ng8 34. Re4 Bf6 35. Ne6 Re8 36. Qh2 Rb7 37. R1e2 Rb6 38. h4 Rb3 39.
Nfg5 Bxg5 40. Bxg5 Rb6 41. Bd2 Nf6 42. Rf4 Nxe6 43. dxe6 Rxe6 44. Rxe6 Qxe6
45. Bc3 Kg8 46. Bxf6 d5 47. cxd5 Qxd5 48. Qf2 Re6 49. Bc3 Qd1+ 50. Kh2 Qd6
51. Kg3 h6 52. Qd2 Qe7 53. Qd5 Kh7 54. Qa8 Re3+ 55. Kf2 Re2+ 56. Kf1 Qe8
57. Qxe8 Rxe8 58. Rf7+ Kg8 59. Rg7+ 1-0

[Event "38th Olympiad"]
[Site "Dresden GER"]
[Date "2008.11.23"]
[Round "10"]
[White "Medina,Ri"]
[Black "Kett,T"]
[Result "1/2-1/2"]
[WhiteElo "2052"]
[BlackElo "2272"]
[EventDate "2008.11.13"]

1. d4 Nf6 2. e3 d5 3. Bd3 g6 4. c3 Bg7 5. Nd2 O-O 6. f4 b6 7. Ngf3 Bb7 8.
O-O Nbd7 9. Ne5 c5 10. Qf3 Qc7 11. Rf2 Rad8 12. g4 Ne8 13. Nxd7 Qxd7 14.
Nf1 Nd6 15. Ng3 Qc6 16. h4 Ne4 17. Rh2 f6 18. h5 Nxg3 19. Qxg3 g5 20. h6
Bh8 21. Bd2 Bc8 22. Rf1 Qe6 23. f5 Qd6 24. Qxd6 Rxd6 25. Kg2 e5 26. Kg3 Bb7
27. Rc1 c4 28. Bf1 b5 29. Bg2 e4 30. Rhh1 Ra6 31. Ra1 Bc6 32. Rhb1 Rb8 33.
Bf1 Rab6 34. Be2 a5 1/2-1/2

[Event "38th Olympiad"]
[Site "Dresden GER"]
[Date "2008.11.23"]
[Round "10"]
[White "Blackburn,J"]
[Black "Huguet,S"]
[Result "0-1"]
[WhiteElo "2175"]
[BlackElo "2109"]
[EventDate "2008.11.13"]

1. d4 Nf6 2. c4 e5 3. e3 exd4 4. exd4 d5 5. Nc3 c6 6. Bg5 Be7 7. c5 b6 8.
b4 a5 9. a3 Ba6 10. Nf3 Bxf1 11. Kxf1 Nbd7 12. b5 cxb5 13. c6 Nb8 14. Ne5
Na6 15. Bxf6 gxf6 16. Qh5 fxe5 17. Qxe5 Rg8 18. Nxd5 Qd6 19. Re1 Qxe5 20.
Rxe5 Ra7 21. Nxb6 Rg6 22. d5 Kd8 23. a4 Bc5 24. Nd7 Rxd7 25. cxd7 bxa4 26.
Ke2 a3 27. Ra1 Bd4 0-1

[Event "38th Olympiad"]
[Site "Dresden GER"]
[Date "2008.11.23"]
[Round "10"]
[White "Kim Yongtae"]
[Black "Valdes,R"]
[Result "0-1"]
[WhiteElo "1853"]
[BlackElo "2093"]
[EventDate "2008.11.13"]

1. d4 Nf6 2. c4 g6 3. Nc3 Bg7 4. Nf3 O-O 5. g3 d6 6. Bg2 Nc6 7. O-O a6 8.
h3 Rb8 9. a4 Bf5 10. d5 Na5 11. Nd4 Bd7 12. Qd3 c5 13. dxc6 bxc6 14. Nc2
Be6 15. Ne3 Qc8 16. Kh2 Nd7 17. Qc2 Ne5 18. c5 Nb3 19. Rb1 Nd4 20. Qd1 dxc5
21. f4 Nc4 22. Nxc4 Bxc4 23. Rf2 Rd8 24. Qh1 Nf5 25. Nd1 Rb3 26. e3 Qd7 27.
Bf3 e5 28. Bd2 exf4 29. gxf4 Rd3 30. Ba5 Rc8 31. Be2 Bd5 32. Qg1 Rb3 33.
Nc3 Nxe3 34. Nxd5 cxd5 35. Rf3 d4 36. Bc4 Nxc4 37. Rxb3 Nxa5 38. Rb6 Nc4
39. Rxa6 Qb7 0-1

[Event "38th Olympiad"]
[Site "Dresden GER"]
[Date "2008.11.23"]
[Round "10"]
[White "Mathews,B"]
[Black "Chung,S"]
[Result "1-0"]
[WhiteElo "2032"]
[BlackElo "1828"]
[EventDate "2008.11.13"]

1. e4 e6 2. d4 d5 3. Nd2 dxe4 4. Nxe4 Nd7 5. Nf3 Ngf6 6. Bg5 Be7 7. Nxf6+
Bxf6 8. Bxf6 Nxf6 9. Bd3 O-O 10. Qe2 b6 11. O-O-O Bb7 12. Ne5 Qe7 13. Rhg1
c5 14. dxc5 Qxc5 15. g4 Rad8 16. g5 Nd5 17. Bxh7+ Kxh7 18. Qh5+ Kg8 19. g6
fxg6 20. Rxg6 Nf4 21. Rxg7+ Kxg7 22. Qg5+ Kh7 23. Rxd8 Rxd8 24. Qh4+ Kg7
25. Qxf4 Qe7 26. Qg4+ Kh7 27. Qg6+ Kh8 28. Nf7+ Qxf7 29. Qxf7 Bd5 30. Qf6+
1-0